Chimani Belakinindaa- Athmakathe (Record no. 240319)

MARC details
000 -LEADER
fixed length control field 00379nam a2200145Ia 4500
005 - DATE AND TIME OF LATEST TRANSACTION
control field 20250729165817.0
008 - FIXED-LENGTH DATA ELEMENTS--GENERAL INFORMATION
fixed length control field 250729s2024 xx 000 0 und d
041 ## - LANGUAGE CODE
Language code of text/sound track or separate title eng
082 ## - DEWEY DECIMAL CLASSIFICATION NUMBER
Classification number 494.25 HEGC
100 ## - MAIN ENTRY--PERSONAL NAME
Personal name M.G.Heggde
9 (RLIN) 233517
245 ## - TITLE STATEMENT
Title Chimani Belakinindaa- Athmakathe
260 ## - PUBLICATION, DISTRIBUTION, ETC.
Place of publication, distribution, etc. Shivamogga
Name of publisher, distributor, etc. Aharnishi Prakashana
Date of publication, distribution, etc. 2024
300 ## - PHYSICAL DESCRIPTION
Extent 228p
650 ## - SUBJECT ADDED ENTRY--TOPICAL TERM
Topical term or geographic name entry element Kannada
9 (RLIN) 233518
Holdings
Withdrawn status Lost status Damaged status Not for loan Home library Current library Date acquired Source of acquisition Cost, normal purchase price Total Checkouts Full call number Barcode Date last seen Cost, replacement price Price effective from Koha item type
        St Aloysius Library St Aloysius Library 07/29/2025 Management Book 250.00   494.25 HEGC BED05638 07/29/2025 250.00 07/29/2025 Book